000 02221cam a2200313 4500500
005 20260329021214.0
041 _afre
042 _adc
100 1 0 _aDemanze, Laurent
_eauthor
245 0 0 _aHabiter Cergy
260 _c2026.
500 _a3
520 _aRésuméLa ville nouvelle de Cergy est au cœur de l’écriture d’Annie Ernaux et en particulier de sa vaste autobiographie impersonnelle, Les Années. Cet article s’attache à décrire les préférences urbaines de l’autrice mais aussi sa conception de l’œuvre comme une architecture. Cergy est une ville du périurbain, qui constitue une étape essentielle du parcours de vie de l’autrice et offre un contrepoint à l’intimidante capitale, Paris, mais aussi à la ville de province, Yvetot. Le périurbain, entre la ville et la nature, offre la possibilité de nouveaux lieux emblématiques de l’époque contemporaine, comme le supermarché. Elle constitue enfin un véritable modèle politique, où la mixité sociale constitue une utopie, entre l’intime et le collectif.
520 _aThe new town of Cergy is central to Annie Ernaux’s writing, particularly her impersonal autobiography, Les Années. This article describes the author’s urban preferences and her conception of the work as architecture. Cergy is a suburban town, which is an essential stage in the author’s life journey and offers a counterpoint to the intimidating capital, Paris, but also to the provincial town of Yvetot. The suburbs, between the city and nature, offer the possibility of new places that are emblematic of the contemporary era, such as the supermarket. Finally, they constitute a political model, where social diversity is an utopia, between the intimate and the collective.
690 _aAnnie Ernaux
690 _aCergy
690 _aLes Années
690 _alieu
690 _autopie
690 _aYvetot
690 _aAnnie Ernaux
690 _aCergy
690 _aLes Années
690 _aplace
690 _autopia
690 _aYvetot
786 0 _nRoman 20-50 | 79 | 1 | 2026-03-12 | p. 17-30 | 0295-5024
856 4 1 _uhttps://shs.cairn.info/revue-roman2050-2025-1-page-17?lang=fr&redirect-ssocas=7080
999 _c1910732
_d1910732